000 01908nam a2200145Ia 4500
008 0000002007 pr d 0000000000eng00
090 _aPPR02 M22
245 1 0 _aMe dijo mi Puerto Rico
_b: Master Painters of the Island, 1780-1952, exhibition images, checklist [Disco compacto]
300 _a1 CD ROM bajo Windows ; 12 cm.
500 _aExposición realizada en The Newark Museum, New Jersey, Febrero 16 Abril 15, 2007
505 _aJosé Campeche y Jordán : San José y el Niño Jesús, Retrato de Dama, Retrato de un Capitán General, Dama a caballo, San Clemente, Obispo Don Felipe José de Trespalacios, Doña María Catalina de Urrutia, Las Benditas ánimas del Purgatorio, Virgen de Belén, Retrato de un Letrado, Obispo Don Francisco de la Cuerda y García, Gobernador Don Ramón de Castro, EXvoto del sitio de San Juan por los ingleses Ramón Atiles y Pérez : Carmen Hernández de Araujo Francisco Oller y Cestero : Manuel Sicardó y Osuna, Coronel Francisco Enrique Contreras, La Central Plazuela , Hacienda La Fortuna, La ceiba de Ponce, Autorretrato, La escuela del maestro Rafael Cordero, Bodegón con cocos, Bodegón con plátanos y guineos, Hacienda Aurora, 18981899, Paisaje con bohío, Bodegón con aguacates y utensilios, Gobernador George W. Davis, Guayabas, Paisaje con palma real, Higueras Manuel E. Jordán: Escena de la Guerra Hispanoamericana José Cuchí y Arnau: Pomarrosas FéliX Medina González : Cañas de azúcar Ramón Frade León : Caracolillo Miguel Pou y Becerra : Lavanderas, Jardín estudio, Los coches de Ponce, Mi hijo Jaime, La promesa, Vista desde mi estudio, Lejanías de Villalba (tríptico), Raza soñadora Retrato de Ciquí, Vendedor de hamacas, Autorretrato (SelfPortrait), Fábrica de cemento
650 1 4 _aARTE PUERTORRIQUEÑO CDROM
650 1 4 _aPINTURA PUERTORRIQUEÑA CDROM
999 _c9167
_d9167
260 _aNew Jersey : The Newark Museum
_c2007